Programming the World Wide Web / (Record no. 7524)
[ view plain ]
| 000 -LEADER | |
|---|---|
| fixed length control field | 00497cam a2200169 a 4500 |
| 020 ## - ISBN | |
| International Standard Book Number | 9780136076636 |
| 020 ## - ISBN | |
| International Standard Book Number | 0136076637 |
| 050 00 - LIBRARY OF CONGRESS CALL NUMBER | |
| Classification Number | QA76.62 |
| Item Number | .S42 2010 |
| 100 1# - MAIN ENTRY--Author | |
| Personal name | Sebesta, Robert W. |
| 245 10 - TITLE | |
| Title | Programming the World Wide Web / |
| Statement of responsibility, etc | Robert W. Sebesta. |
| 250 ## - EDITIONSTATEMENT | |
| Edition statement | 5th ed. |
| 260 ## - PUBLICATION, DISTRIBUTION, ETC.(IMPRINT) | |
| Place of publication, distribution, etc | Boston [USA] : |
| Name of publisher, distributor, etc | Addison Wesley, |
| Date of publication, distribution, etc | c2010. |
| 300 ## - PHYSICAL DESCRIPTION | |
| Extent | xviii, 734 p. : |
| 500 ## - GENERALNOTE | |
| General note | Includes index. |
| 650 ## - SUBJECT--TOPIC | |
| General subdivision | World wide web ; |
| -- | Internet programming ; |
| -- | Web sites -- design. |
| 942 ## - ADDED ENTRY ELEMENTS(KOHA) | |
| Source of classification or shelving scheme | Library of Congress Classification |
| Koha item type | General circulation |
| Source of classification or shelving scheme | Not for loan | Location (home branch) | Sublocation (holding branch) | Shelving location | Date accessioned | Cost, normal purchase price | Full call number | Barcode | Cost, replacement price | Nonpublic note | Koha item type | Public note | Source of acquisition |
|---|---|---|---|---|---|---|---|---|---|---|---|---|---|
| Library of Congress Classification | Main Campus Library | Main Campus Library | 29/07/2015 | 996.00 | QA76.62 .S42 2010 | 2015/005640 | 1095.00 | Nzk | General circulation | Nzk | |||
| Library of Congress Classification | Main Campus Library | Main Campus Library | 29/07/2015 | 996.00 | QA76.62 .S42 2010 | 2015/005638 | 1095.00 | Nzk | General circulation | Nzk | |||
| Library of Congress Classification | SEHSS - Library | SEHSS - Library | 29/07/2015 | 996.00 | [EHS] QA 76.62 .S42 2010 | 2015/005639 | 1095.00 | Nzk | General circulation | Nzk | Donation - Books for Africa |